| 000 | 00675nam a2200241Ia 4500 | ||
|---|---|---|---|
| 003 | OSt | ||
| 005 | 20220924131846.0 | ||
| 006 | a|||||r|||| 00| 0 | ||
| 007 | ta | ||
| 008 | 220923b |||||||| |||| 00| 0 tel d | ||
| 020 | _c180.00 | ||
| 024 | _a337693 | ||
| 037 | _cTextual | ||
| 040 |
_aARTS _cARTS _btel |
||
| 041 |
_2tel _atel |
||
| 082 | _aO35,6x, N7 | ||
| 100 |
_aRao Nanduri Ramamohana Au. _9203105 |
||
| 245 | 0 | _aViswadarsanam bharatiya chintana | |
| 260 |
_aVijayawada _bLikhitha prachuranalu _c1997 |
||
| 650 |
_aTELUGU LANGUAGE _9155493 |
||
| 942 |
_hO35,6x, N7 _cTEXL _2CC |
||
| 999 |
_c428449 _d428449 |
||